| 000 | 00630nam a2200205Ia 4500 | ||
|---|---|---|---|
| 003 | OSt | ||
| 005 | 20250927102553.0 | ||
| 008 | 210210b1983 xxu||||| |||| 00| 0 eng d | ||
| 040 | _cAL | ||
| 041 | _aKannada | ||
| 082 | _aK894.2 RAMK | ||
| 100 |
_aRAMACHANDRA DEVA _dರಾಮಚಂದ್ರ ದೇವ _9240745 |
||
| 245 |
_aKudure bantu kudure. _bಕುದುರೆ ಬಂತು ಕುದುರೆ |
||
| 260 |
_aBengaluru _bSamyukta _c1983 |
||
| 300 | _avi,71 | ||
| 690 |
_aKannada Drama _9240746 |
||
| 700 |
_aNARASIMHAN (T N) _dನರಸಿಂಹನ್ (ಟಿ ಎನ್ ) _9240747 |
||
| 906 | _aSG03169 | ||
| 942 |
_2ddc _cSG |
||
| 999 |
_c113821 _d113821 |
||